书目信息 |
| 题名: |
晏子春秋集释
|
|
| 作者: | 吴则虞 撰 | |
| 分册: | 下 | |
| 出版信息: | 北京 中华书局 1962.1 |
|
| 页数: | 294-667页 | |
| 开本: | 20cm | |
| 丛书名: | 新编诸子集成 | |
| 单 册: | ||
| 中图分类: | B22 | |
| 科图分类: | ||
| 主题词: | 先秦哲学 | |
| 电子资源: | ||
| ISBN: | ||
| 000 | 00603nam2 2200229 45 | |
| 001 | 0211071621 | |
| 005 | 20070730162544.67 | |
| 010 | @dCNY2.60 | |
| 091 | @a2018.25 | |
| 100 | @a20021107d1962 km y0chiy0120 ea | |
| 101 | 0 | @achi |
| 105 | @ach z 000yy | |
| 200 | 1 | @a晏子春秋集释@AYan Zi Chun Qiu Ji Shi@h下@f吴则虞撰@FWu Ze Yu Zhuan |
| 210 | @a北京@c中华书局@d1962.1 | |
| 215 | @a294-667页@d20cm | |
| 225 | @a新编诸子集成@h第一辑 | |
| 410 | @12001 @a新编诸子集成 | |
| 606 | 0 | @a先秦哲学 |
| 690 | @aB22@v3 | |
| 701 | 0 | @a吴则虞@4撰 |
| 801 | @aCN@bTSTC@c20070730 | |
| 905 | @dB22@e10:2@f1@b77656 | |
| 晏子春秋集释.下/吴则虞撰.-北京:中华书局,1962.1 |
| 294-667页;20cm.-(新编诸子集成.第一辑) |
| ISBN :CNY2.60 |
| ● |
| 相关链接 |
|
|
|
|
正题名:晏子春秋集释
索取号:B22/10:2
 
预约/预借
| 序号 | 登录号 | 条形码 | 馆藏地/架位号 | 状态 | 备注 |
| 1 | 0076838 | 000506081 | 密集书库/ [索取号:B22/10:2] | 在馆 | |
| 2 | 0076840 | 000506072 | 第一样本阅览室/ [索取号:B22/10:2] | 在馆 | |
| 3 | 0077655 | 001665362 | 密集书库/ [索取号:B22/10:2] | 在馆 | |
| 4 | 0077656 | 000527807 | 密集书库/ [索取号:B22/10:2] | 在馆 | |
| 5 | 0156320 | 000506116 | 第一借阅区/ [索取号:B22/10:2] | 在馆 | |
| 6 | 0156321 | 001768965 | 密集书库/ [索取号:B22/10:2] | 在馆 | |
| 7 | 0230731 | 001784625 | 密集书库/ [索取号:B22/10:2] | 在馆 | |
| 8 | 0230732 | 001784581 | 密集书库/ [索取号:B22/10:2] | 在馆 | |
| 9 | 0230733 | 001784572 | 密集书库/ [索取号:B22/10:2] | 在馆 | |
| 10 | 0230734 | 001784616 | 密集书库/ [索取号:B22/10:2] | 在馆 | |
| 11 | 0230735 | 001784590 | 密集书库/ [索取号:B22/10:2] | 在馆 | |
| 12 | 0448747 | 204487475 | 密集书库/ [索取号:B22/10:2] | 在馆 | |
| 13 | 0473967 | 204739676 | 密集书库/ [索取号:B22/10:2] | 在馆 | |
| 14 | 0787331 | 207873318 | 密集书库/ [索取号:B22/10:2] | 在馆 |